| 000 | 00880nam a22002417a 4500 | ||
|---|---|---|---|
| 003 | OSt | ||
| 005 | 20230127081310.0 | ||
| 008 | 220916b |||||||| |||| 00| 0 eng d | ||
| 020 | _a968 7180 | ||
| 040 | _cBiblioteca Lado V | ||
| 082 |
_a709 _bT554g |
||
| 100 |
_9666 _aTibol, Raquel _ecuradora |
||
| 245 |
_aGuillermo Trujillo/ _bMito y Metamorfosis/ |
||
| 260 |
_aMEXICO _bMuseo Rufino Tamayo _c1997 |
||
| 300 |
_c24x27cm _a82p. |
||
| 490 | _aColección de monografías 3 | ||
| 505 |
_tFotografía y Realidad _tLa Iconografía del presente _tUn posible grado cero _tEl mundo maqueta |
||
| 650 |
_2Tesauro de Arte & Arquitectura _aPINTURA |
||
| 650 |
_2Tesauro de Arte & Arquitectura _aARTE |
||
| 650 |
_2Tesauro de Arte & Arquitectura _aGUILLERMO TRUJILLO |
||
| 700 |
_aVelasco Facio, Hector _eFotógrafo _ecolaborador |
||
| 942 |
_2ddc _c1 _h709 _iT554g _n0 |
||
| 999 |
_c2946 _d2946 |
||